000 00598nam a2200241 a 4500
001 nice12345678
003 IN_TiNIC
005 20260116014913.0
008 050524s2009 dela grp 000 0 eng
020 _a9788184580884
_c150
082 0 0 _a392.5
_bSAH
100 _aSahanam, L E
245 _aBelonging but Not Believing
_b Interfaith Marriage
260 _aDelhi
_bISPCK
_c2009
300 _a127p
500 _aincludes index and biblioraphy
505 2 _abiblio
650 _aMarriage-Interfaith
700 1 _aSahanam, L E
902 _bSRS
942 _cBK
999 _c17482
_d17482